| 000 | 00406nam a22001577a 4500 | ||
|---|---|---|---|
| 003 | OSt | ||
| 005 | 20251017142358.0 | ||
| 008 | 251017b |||||||| |||| 00| 0 eng d | ||
| 020 | _a978-93-54566-979-8 | ||
| 040 | _cIIMT UNIVERSITY | ||
| 100 | _aCHAURASIA, B.D | ||
| 245 | _aWORK BOOK OF HUMAN ANATOMY VOL. 1 | ||
| 260 |
_aNEW DELHI _bCBS PUBLISHER & DISTRIBUTORS _c2025 |
||
| 300 | _a77 | ||
| 942 |
_2ddc _c01 |
||
| 999 |
_c66653 _d66653 |
||